Obozy odosobnienia w powiecie kozielskim w 1945 r

Titel: Obozy odosobnienia w powiecie kozielskim w 1945 r
Verfasser:
In: Szkice ke̜dzierzyńsko-kozielskie, Band 8 (2002), Seite 13-22
alle Artikel anzeigen
Veröffentlicht: 2002
Format: Aufsatz
Sprache: Polnisch
Kein Bild verfügbar
X
alg: 39380405
001A    $01999:12-11-16 
001B    $03025:10-12-25 $t13:30:46.000 
001C    $06050:19-11-16 $t22:34:41.000 
001D    $01999:12-11-16 
001U    $0utf8 
001X    $00 
002@    $0Aox 
003@    $0393804054 
007A    $0393804054 $aHEB 
007T    $0Herdk15791 
010@    $apol 
011@    $a2002 
021A    $aObozy odosobnienia w powiecie kozielskim w 1945 r 
027A    $aInternierungslager im Kreis Cosel im Jahre 1945 
028A    $aNowak $dEdmund 
031A    $d8 $h13-22 $j2002 
039B    $aEnthalten in $8--Abvc--. Szkice ke̜dzierzyńsko-kozielskie. - Opole : Wydawnictwo Uniwersytetu Opolskiego, 1985-. - ISSN 0860-1062 $x200200000080000987 $9048584932 
045F    $a900.943850904 $eDDC23BSB 
045F/01 $a900 
045F/03 $f0904 
045F/03 $g4385 
045T    $a7,41 
045T    $aOST $qDE-12 $2FID 
046C    $aInternierungslager im Kreis Cosel im Jahre 1945 $bÜbers. des Hauptsacht. 

lok: 39380405 78

exp: 39380405 78 1 #EPN
201B/01 $010-12-25 $t13:30:04.000 
201U/01 $0utf8 
203@/01 $0789914557 
208@/01 $a12-11-16 $be 
209A/01 $a/ $f000 $x00 
209A/01 $azuvor verknüpft mit: !06980995X!--Szkice podlaskie $x02 
220C/01 $aTitelaufnehmer: pbb 
220C/01 $aHerkunft: IH PAN/PBB Kraków 
244Z/01 $2Trx $#Silesia $#Śląsk $#Sliezsko $#Slezsko $8--Trx--Schlesien $x01 $9391173987 
244Z/01 $2Trx $#Cosel Oppeln $8--Trx--Koźle$gOpole, powiat $x02 $9391187139 
244Z/01 $aGeschichte 1945 $x03 
244Z/01 $2Trx $#töö- ja vangilaagrid $#belaisvių ir internuotųjų stovyklos $#Labour and internment camps $#fogoly- és internálótábor $#obozy pracy i internowania $#tábory pracovné, zajatecké a internačné $#tábory pracovní, zajatecké a internační $#Gefangenenlager $#Internierungslager $#Arbeitslager $#tábory pracovné $#tábory pracovní $8--Trx--Arbeits-, Gefangenen- und Internierungslager $x04 $9391383205 
244Z/01 $2Trx $8--Trx--Zeitschriftenaufsatz $x05 $9391384341 
244Z/01 $2Trx $#kirjeldused regioonid, maad $#regionų ir kraštų istorija $#overview regions/countries $#ábrázolások, átfogó vidékek, országok $#regiony i kraje ogólnie $#dejiny, všeobecné prehľady regióny/krajiny $#dějiny, obecné přehledy regiony/země $#Regionalgeschichte $#Regionen $#Länder $#dejiny krajské $#dejiny regionálne $8--Trx--Darstellungen, übergreifende$gRegionen/Länder $x06 $9391373188 
245Z/01 $a13.02 $x01 
245Z/01 $a06.04.04 $x02 
247C/01 $82080>Marburg/Lahn, Herder-Institut, Forschungsbibliothek, Bibliographieportal $9336309341
LEADER 00000caa a22000002c 4500
001 393804054
003 DE-603
005 20251210133046.0
007 tu
008 161112s2002 xx |||| | u00||u|pol c
035 |a (DE-599)HEB393804054 
040 |a DE-603  |b ger  |c DE-603  |d DE-603 
041 |a pol 
082 0 4 |8 1\u  |a 900.943850904  |q DE-101  |2 23/BSB 
084 |a 7,41  |2 ssgn 
084 |a OST  |q DE-12  |2 fid 
085 |8 1\u  |b 900 
085 |8 1\u  |z 1  |s 0904 
085 |8 1\u  |z 2  |s 4385 
100 1 |a Nowak, Edmund 
245 0 0 |a Obozy odosobnienia w powiecie kozielskim w 1945 r 
246 1 |i Übers. des Hauptsacht.  |a Internierungslager im Kreis Cosel im Jahre 1945 
246 1 3 |a Internierungslager im Kreis Cosel im Jahre 1945 
264 0 |c 2002 
773 0 8 |i Enthalten in  |t Szkice ke̜dzierzyńsko-kozielskie  |d Opole : Wydawnictwo Uniwersytetu Opolskiego, 1985-  |x 0860-1062  |g Band 8 (2002), Seite 13-22  |w (DE-603)048584932  |w (DE-600)1080389-0 
924 0 |9 2080  |a (DE-603)789914557  |b DE-2080  |c HES  |d d  |g /